Climate responsive design : (Record no. 352207)

000 -LEADER
fixed length control field 01132 a2200253 4500
003 - CONTROL NUMBER IDENTIFIER
control field OSt
005 - DATE AND TIME OF LATEST TRANSACTION
control field 20180116192326.0
008 - FIXED-LENGTH DATA ELEMENTS--GENERAL INFORMATION
fixed length control field 120229t xxu||||| |||| 00| 0 eng d
010 ## - LIBRARY OF CONGRESS CONTROL NUMBER
LC control number 99051585
020 ## - INTERNATIONAL STANDARD BOOK NUMBER
International Standard Book Number 0419209700 (pbk.)
040 ## - CATALOGING SOURCE
Transcribing agency 0
082 00 - DEWEY DECIMAL CLASSIFICATION NUMBER
Classification number 720.47
100 1# - MAIN ENTRY--PERSONAL NAME
Personal name Hyde, Richard,
9 (RLIN) 260
245 10 - TITLE STATEMENT
Title Climate responsive design :
Remainder of title a study of buildings in moderate and hot humid climates /
Statement of responsibility, etc. Richard Hyde.
260 ## - PUBLICATION, DISTRIBUTION, ETC.
Place of publication, distribution, etc. London ;
-- New York :
Name of publisher, distributor, etc. E & FN Spon,
Date of publication, distribution, etc. 2000.
300 ## - PHYSICAL DESCRIPTION
Extent 244 p. :
Other physical details ill. ;
Dimensions 25 cm.
505 ## - FORMATTED CONTENTS NOTE
Formatted contents note Acknowledgements -- Part.1. Design issues -- introduction -- warm climates and the building context -- Climate responsive design -- Part 2. Strategies -- Building structure -- The building \process -- the roof -- The external Wall -- Floors and internal walls -- The veranda -- Courtyards -- Index.
650 #0 - SUBJECT ADDED ENTRY--TOPICAL TERM
Topical term or geographic name entry element Architecture and climate.
9 (RLIN) 261
650 #0 - SUBJECT ADDED ENTRY--TOPICAL TERM
Topical term or geographic name entry element Architecture, Tropical.
9 (RLIN) 262
650 #0 - SUBJECT ADDED ENTRY--TOPICAL TERM
Topical term or geographic name entry element Architecture
Geographic subdivision Australia
9 (RLIN) 263
650 #0 - SUBJECT ADDED ENTRY--TOPICAL TERM
Topical term or geographic name entry element Architecture
Geographic subdivision Southeast Asia
9 (RLIN) 264
942 ## - ADDED ENTRY ELEMENTS (KOHA)
Institution code [OBSOLETE] SADA
Koha item type Book
Call number prefix 720.47 HYD 2000
Source of classification or shelving scheme
Holdings
Withdrawn status Lost status Source of classification or shelving scheme Damaged status Not for loan Permanent Location Current Location Date acquired Total Checkouts Total Renewals Full call number Barcode Date last seen Date last checked out Cost, replacement price Price effective from Koha item type
          School of Art Design and Architecture (SADA) School of Art Design and Architecture (SADA) 09/28/2010 10 2 720.47 HYD 2000 SADA0000181 03/22/2016 03/21/2016 4724.00 08/05/2011 Book
© 2023 Central Library, National University of Sciences and Technology. All Rights Reserved.